Κωακές επιφυλλίδες και καταγραφές
Saved in:
| Main Author: | |
|---|---|
| Other Authors: | , |
| Format: | Book |
| Language: | Greek |
| Published: |
[Αθήνα;]:
Γραφικές Τέχνες Θ. Θετάκη,
2005.
|
| Subjects: | |
| Tags: |
Add Tag
No Tags, Be the first to tag this record!
|
MARC
| LEADER | 00000cam a2200000 a 4500 | ||
|---|---|---|---|
| 001 | 1/119869 | ||
| 008 | 190905s2005####gr | ||| |||| ||gre|| | ||
| 040 | |a GR-MyUa |b gre |c GR-MyUa |e AACR2 | ||
| 041 | 0 | |a gre | |
| 082 | 7 | |a 938.27 |2 (23) | |
| 100 | 1 | |a Γεωργαλλής, Θανάσης Η. | |
| 245 | 1 | 0 | |a Κωακές επιφυλλίδες και καταγραφές / |c Θανάση Η. Γεωργαλλή ; πρόλογος: Παναγιώτης Νούτσος, Βασίλης Χατζηγιακουμής. |
| 260 | |a [Αθήνα;]: |b Γραφικές Τέχνες Θ. Θετάκη, |c 2005. | ||
| 300 | |a 446 σ. : |b εικ. ; |c 32 εκ. | ||
| 500 | |a Περιέχει γλωσσικό ιδίωμα της Κω. | ||
| 500 | |a Εκδόθηκε για το Δήμο Δικαίου - Κω. | ||
| 651 | 0 | |a Kos Island (Greece) |x History. | |
| 651 | 0 | |a Kos Island (Greece) |x Civilization. | |
| 651 | 0 | |a Kos Island (Greece) |x Antiquities. | |
| 651 | 0 | |a Kos Island (Greece) |x Economic conditions. | |
| 700 | 1 | |a Νούτσος, Παναγιώτης Χ. |d 1948- |e aui | |
| 700 | 1 | |a Χατζηγιακουμής, Βασίλης, |e aui | |
| 852 | |a INST |b RHODES |e 20190905 |h 938.27 ΓΕΩ |p 005400041088 |q 005400041088 |t BK |y 0 | ||
| 920 | |a Δήμος Δικαίου - Κω |y Ρόδος |z 2019-08 | ||
| 970 | |a Μαρία |b Κωτάκου |z 05-09-2019 | ||